000 00811nam a22002535a 4500
001 15248009
005 20080404160021.0
008 080404s2008 mau 000 0 eng
010 _a2008926527
020 _a9780750666916
040 _aDLC
_cDLC
082 _222
_a671
_bTIM
100 1 _aTimings, Roger.
_94519
245 1 0 _aFabrication and Welding Engineering /
_cRoger Timings.
260 _aBoston, MA :
_bElsevier,
_bNewnes,
_cc2008.
263 _a0805
300 _axxix, 565 p. :
_bill. ;
_c25 cm.
500 _aIncludes index.
650 _aMetal-work
_94520
650 _aWelding
_94521
942 _2ddc
_cBB
999 _c11475
_d11475